000 00886nam a22002777a 4500
001 BR7503553
003 BR-BrBNA
005 20230928084816.0
007 ta
008 230509b bl.||||| |||| 00| 0 por d
040 _aBR-BrBNA
_bpor
_cBiblioteca Nacional de Agricultura
041 _a(Por)
072 _aE10
_b/G514
090 _ E10 BR7503553
110 1 _aInstituto Nacional de Colonizacao e Reforma Agraria, Brasilia, DF (Brasil)
245 1 _aAlienacao de terras publicas Gleba Burareiro, municipio de Porto Velho, Territorio Federal de Rondonia [Brasil]
_bConcorrencia INCRA-DF no. 01/77
260 3 _aBrasilia, DF (Brasil):
_c1975.
300 _a30 p.
500 _a10 tables; Map, scale 1:500.000
650 _aLICITACAO
650 _aCONCORRENCIA PUBLICA
650 _aPORTO VELHO
650 _aRONDONIA
909 _a202309
_bLucia
_c55
_dLucia Elande
942 _cBK
999 _c21221
_d21221